| 000 | 00666nam a2200217 a 4500 | ||
|---|---|---|---|
| 999 |
_c912 _d912 |
||
| 001 | 6526 | ||
| 003 | BD-DhUAP | ||
| 005 | 20200129100320.0 | ||
| 008 | 100222r20031982nyua b 001 0 eng d | ||
| 040 |
_aDLC _cBD-DhUAP _dBD-DhUAP _bEng |
||
| 082 | 0 | 0 |
_a339 SHA _223 |
| 100 | 1 | _aShapiro, Edward. | |
| 245 | 1 | 0 |
_aMacroeconomic analysis / _cEdward Shapiro. |
| 250 | _a5th ed. | ||
| 260 |
_aNew Delhi : _bGalgotia publications, _cc1982 [Reprinted 2003]. |
||
| 300 |
_axix, 632 pages : _billustrations ; _c25 cm. |
||
| 504 | _aIncludes bibliographical references and index. | ||
| 650 | 0 | _aMacroeconomics. | |
| 942 |
_2ddc _cBK |
||